|
|
|
|
| LEADER |
00000cam a2200000 c 4500 |
| 001 |
218951744 |
| 003 |
DE-627 |
| 005 |
20250409173233.0 |
| 007 |
tu |
| 008 |
961120s1996 gw ||||| 00| ||ger c |
| 015 |
|
|
|a 00,A10,1101
|2 dnb
|
| 016 |
7 |
|
|a 958273197
|2 DE-101
|
| 020 |
|
|
|a 343725250X
|c : DM 36.80
|9 3-437-25250-X
|
| 035 |
|
|
|a (DE-627)218951744
|
| 035 |
|
|
|a (DE-576)056649622
|
| 035 |
|
|
|a (DE-599)GBV218951744
|
| 035 |
|
|
|a (OCoLC)611901355
|
| 035 |
|
|
|a (OCoLC)37030934
|
| 035 |
|
|
|a (DE-604)8110942760
|
| 040 |
|
|
|a DE-627
|b ger
|c DE-627
|e rakwb
|
| 041 |
|
|
|a ger
|
| 044 |
|
|
|c XA-DE
|
| 060 |
|
0 |
|a WY 87
|
| 084 |
|
|
|a 33
|2 sdnb
|
| 084 |
|
|
|a YH 6916
|2 rvk
|0 (DE-625)rvk/153570:12922
|
| 084 |
|
|
|a XC 5900
|2 rvk
|0 (DE-625)rvk/152526:13129
|
| 084 |
|
|
|a CP 3500
|2 rvk
|0 (DE-625)rvk/18979:
|
| 084 |
|
|
|a 44.63
|2 bkl
|
| 084 |
|
|
|a 77.46
|2 bkl
|
| 100 |
1 |
|
|8 1\p
|a Hartdegen, Karsten
|d 1963-
|0 (DE-588)121715566
|0 (DE-627)705627403
|0 (DE-576)292845936
|4 aut
|
| 109 |
|
|
|a Hartdegen, Karsten 1963-
|
| 245 |
1 |
0 |
|a Aggression und Gewalt in der Pflege
|b 23 Tabellen
|c Karsten Hartdegen
|
| 264 |
|
1 |
|a Stuttgart [u.a.]
|b G. Fischer
|c 1996
|
| 300 |
|
|
|a 318 S.
|b graph. Darst.
|c 24 cm
|
| 336 |
|
|
|a Text
|b txt
|2 rdacontent
|
| 337 |
|
|
|a ohne Hilfsmittel zu benutzen
|b n
|2 rdamedia
|
| 338 |
|
|
|a Band
|b nc
|2 rdacarrier
|
| 500 |
|
|
|a Literaturverz. S. 279 - 302
|
| 583 |
1 |
|
|a Archivierung/Langzeitarchivierung gewährleistet
|f PEBW
|x XA-DE-BW
|2 pdager
|5 DE-24
|
| 650 |
|
0 |
|a Nurse-patient relations
|
| 650 |
|
0 |
|a Nurses
|x Psychology
|
| 650 |
|
0 |
|a Violence
|
| 650 |
|
0 |
|a Aggression
|
| 650 |
|
2 |
|a Aggression
|
| 650 |
|
2 |
|a Nurse Patient Relations
|
| 650 |
|
2 |
|a Violence
|
| 689 |
0 |
0 |
|d s
|0 (DE-588)4174084-1
|0 (DE-627)105375055
|0 (DE-576)209954752
|a Pflege
|2 gnd
|
| 689 |
0 |
1 |
|d s
|0 (DE-588)4141621-1
|0 (DE-627)105618969
|0 (DE-576)209712791
|a Aggressivität
|2 gnd
|
| 689 |
0 |
|
|5 DE-101
|
| 689 |
1 |
0 |
|d s
|0 (DE-588)4157237-3
|0 (DE-627)105502421
|0 (DE-576)209832878
|a Gewalttätigkeit
|2 gnd
|
| 689 |
1 |
|
|5 DE-101
|
| 883 |
|
|
|8 1\p
|a cgwrk
|d 20241001
|q DE-101
|u https://d-nb.info/provenance/plan#cgwrk
|
| 935 |
|
|
|i Blocktest
|
| 936 |
r |
v |
|a YH 6916
|b Pflege und Erziehung des Patienten, Literatur für Gesundheitsfachberufe
|k Medizin
|k Psychiatrie, Medizinische Psychologie
|k Spezielle Psychiatrie
|k Neurosen
|k Krankhafte Reaktionen affektiver Art:
|k A. Formalschlüssel
|k Allgemeine Literatur zu einem Hauptgebiet
|k Pflege und Erziehung des Patienten, Literatur für Gesundheitsfachberufe
|0 (DE-627)1272089517
|0 (DE-625)rvk/153570:12922
|0 (DE-576)202089517
|
| 936 |
r |
v |
|a XC 5900
|b Allgemeines
|k Medizin
|k Allgemeine Medizin, Krankenhauswesen, Krankenpflege
|k Krankenpflege allgemein (+ Formalschlüssel)
|k Allgemeines
|0 (DE-627)1270926896
|0 (DE-625)rvk/152526:13129
|0 (DE-576)200926896
|
| 936 |
r |
v |
|a CP 3500
|b Zusammenfassendes und allgemeine Darstellungen
|k Psychologie
|k Allgemeine Psychologie
|k Konflikt, Angst, Aggression, Frustration, Stress
|k Zusammenfassendes und allgemeine Darstellungen
|0 (DE-627)1429797266
|0 (DE-625)rvk/18979:
|0 (DE-576)359797261
|
| 936 |
b |
k |
|a 44.63
|j Krankenpflege
|0 (DE-627)106409298
|
| 936 |
b |
k |
|a 77.46
|j Emotion
|0 (DE-627)106418432
|
| 951 |
|
|
|a BO
|
| ELC |
|
|
|b 1
|
| LOK |
|
|
|0 000 xxxxxcx a22 zn 4500
|
| LOK |
|
|
|0 001 3164145950
|
| LOK |
|
|
|0 003 DE-627
|
| LOK |
|
|
|0 004 218951744
|
| LOK |
|
|
|0 005 20151116135132
|
| LOK |
|
|
|0 008 150728||||||||||||||||ger|||||||
|
| LOK |
|
|
|0 035
|a (DE-21-110)kd51767
|
| LOK |
|
|
|0 040
|a DE-21-110
|c DE-627
|d DE-21-110
|
| LOK |
|
|
|0 689
|a s
|a Psychiatrische Klinik
|
| LOK |
|
|
|0 689
|a s
|a Aggression
|
| LOK |
|
|
|0 852
|z Kein Bestand am IfK; Nachweis für KrimDok
|
| LOK |
|
|
|0 852
|a DE-21-110
|
| LOK |
|
|
|0 852 1
|9 00
|
| LOK |
|
|
|0 935
|a k110
|
| LOK |
|
|
|0 939
|a 28-07-15
|b l01
|
| ORI |
|
|
|a SA-MARC-krimdoka001.raw
|